000
00350nam a2200145Ia 4500
008
090124s9999 xx 000 0 und d
082
_b
403148
245
_a
शर्यत
250
_a
1
260
_b
सोनटक्के क. दि.
_c
1994
300
_a
64
630
_a
शर्यत
730
_a
शर्यत
942
_c
BOOK
999
_c
199620
_d
199620